00503 2200181 4500001002100000005001500021035002000036245005200056100001500108250001700123300002800140260004600168082001000214084001600224020002200240650001700262500004200279INLIS00000000000069320240919091536 a0010-09240000121 aMembuat dan Mengelola Mesin Tetas /cAhmad Said0 aAhmad Said aCetakan Ke-1 a74 hlm :bIlus ;c21 cm aJakarta :bDharma Utama Publishing,c2006 a745.5 a745.5 AHM m a978-979-1212-14-7 4aKeterampilan aSeri Keterampilan Teknologi Sederhana